Tilastot visalle Tunnista lintulaji kuvasta 2

Klikkaa tästä pelataksesi tätä visaa!

Yleistilastot

  • Tätä visaa on pelattu 59 kertaa
  • Keskiarvotulos 12 / 16

Vastaustilastot

Vastaus% Oikein
Kurki
100%
Talitiainen
98%
Huuhkaja
94%
Västäräkki
94%
Metso
90%
Peippo
79%
Keltasirkku
79%
Käpytikka
77%
Töyhtöhyyppä
77%
Kalatiira
67%
Nokikana
65%
Telkkä
65%
Tavi
63%
Leppälintu
44%
Peukaloinen
35%
Pikkulepinkäinen
27%

Tulosjakauma

Persentiili vastausten määrän mukaan

Jokaisen tuloksen saaneiden osuus

Tuloshistoriasi

Et ole pelannut tätä visaa